Sports Quiz

Random Sports or NFL Quiz

2010 Texans Touchdowns Quiz Stats

 Plays Quiz not verified by Sporcle

Score 0/8 Timer 05:00
0 Plays Today
# of Touchdowns Player % Correct
8Andre Johnson
99.1%
16Arian Foster
98.7%
23Matt Schaub
98.3%
5Kevin Walter
85.7%
3Jacoby Jones
80.1%
4Joel Dreessen
56.3%
3Derrick Ward
55.4%
1Owen Daniels
39.8%

You're not logged in!

Compare scores with friends on all Sporcle quizzes.
OR
Log In

Show Comments

Extras

Top Quizzes Today


Score Distribution

Your Account Isn't Verified!

In order to create a playlist on Sporcle, you need to verify the email address you used during registration. Go to your Sporcle Settings to finish the process.

Report this User

Report this user for behavior that violates our Community Guidelines.

Details: